Sports Quiz

Random Sports or WWE Quiz

WWE Hall of Fame 2017 Quiz Stats

Quiz not verified by Sporcle

Challenge
Share
Tweet
Embed
Score 0/7 Timer 10:00
0 Plays Today
Hint Answer % Correct
Four-time WWF/WWE Champion, one-time World Heavyweight Champion, one-time WCW Champion, 2000 King of the Ring winner. Kurt Angle
94.5%
One-time WWE Divas Champion, three-time WWE Women's Champion Beth Phoenix
85.3%
Referee, Manager, and on-screen authority figure in WCW and WWE Teddy Long
82.6%
Three-time WCW World Heavyweight Champion, two-time WCW United States Heavyweight Champion, one-time WWF Tag Team Champion, and four-time WCW World Tag Team ChampionDiamond Dallas Page
61.5%
Three-time WCW International World Heavyweight Champion, one-time WWF Intercontinental Champion, one-time WCW United States Heavyweight Champion 'Ravishing' Rick Rude
39.4%
Warrior Award Eric LeGrand
35.8%
Four-time NWA World Tag Team Champions (Mid-Atlantic Version), Four-time NWA World Tag Team Champions, and ten-time SMW Tag Team Champions. The Rock 'n' Roll Express
25.7%

You're not logged in!

Compare scores with friends on all Sporcle quizzes.
Join for Free
OR
Log In

You Might Also Like...

Show Comments

Extras

Created May 3, 2017ReportNominate
Tags:WWE Quiz, Hall of Fame

Top Quizzes Today


Score Distribution

Your Account Isn't Verified!

In order to create a playlist on Sporcle, you need to verify the email address you used during registration. Go to your Sporcle Settings to finish the process.

Report this User

Report this user for behavior that violates our Community Guidelines.

Details: